000 00264nam a22000977a 4500
008 160507b xxu||||| |||| 00| 0 eng d
041 _aeng
080 _a616.31
245 _aDialogue on preventive dentistry:
_cCharles A. Amenta; Robert C. Brackett;
942 _2udc
_cBK
999 _c1911
_d1911